000 00385nam a22001577a 4500
005 20160527105851.0
008 160527b xxu||||| |||| 00| 0 eng d
041 _aeng
082 _b5408
100 _aVenugopal, Uasantiand other
_91354
245 _aService Marketing
260 _aNew Delhi
_bAcademic Faundation
_c2009
300 _a318
650 _aManagement
_9241
942 _cBK
999 _c1926
_d1925